Pokémon Gen 3 Berries - Statistics

General Stats
  • This quiz has been taken 5 times
  • The average score is 23 of 43
Answer Stats
# Description Berry % Correct
6 Recovers 10 PP to an attack Leppa
100%
18 Plant in the earth to grow berries for Pokéblocks Nanab
100%
7 Recovers 10 HP Oran
100%
20 Plant in the earth to grow berries for Pokéblocks Pinap
100%
17 Plant in the earth to grow berries for Pokéblocks Bluk
75%
25 Lowers effort points for special defense by 10 points Grepa
75%
15 Recovers 1/8 HP and confuses any Pokémon that doesn't like sour flavor Iapapa
75%
9 Heals any status condition Lum
75%
3 Heals poison Pecha
75%
8 Heals confusion Persim
75%
4 Heals burn Rawst
75%
16 Plant in the earth to grow berries for Pokéblocks Razz
75%
10 Recovers 30 HP Sitrus
75%
14 Recovers 1/8 HP and confuses any Pokémon that doesn't like bitter flavor Aguav
50%
5 Heals frozen status Aspear
50%
35 Plant in the earth to grow berries for Pokéblocks Belue
50%
1 Heals paralysis Cheri
50%
2 Heals sleeping Chesto
50%
34 Plant in the earth to grow berries for Pokéblocks Durin
50%
11 Recovers 1/8 HP and confuses any Pokémon that doesn't like spicy flavor Figy
50%
24 Lowers effort points for special attack by 10 points Hondew
50%
22 Lowers effort points for attack by 10 points Kelpsy
50%
13 Recovers 1/8 HP and confuses any Pokémon that doesn't like sweet flavor Mago
50%
30 Plant in the earth to grow berries for Pokéblocks Nomel
50%
32 Plant in the earth to grow berries for Pokéblocks Pamtre
50%
21 Lowers effort points for HP by 10 points Pomeg
50%
23 Lowers effort points for defense by 10 points Qualot
50%
31 Plant in the earth to grow berries for Pokéblocks Spelon
50%
26 Lowers effort points for speed by 10 points Tamato
50%
33 Plant in the earth to grow berries for Pokéblocks Watmel
50%
19 Plant in the earth to grow berries for Pokéblocks Wepear
50%
12 Recovers 1/8 HP and confuses any Pokémon that doesn't like dry flavor Wiki
50%
40 Raises special defense when HP is below 1/3 Apicot
25%
27 Plant in the earth to grow berries for Pokéblocks Cornn
25%
43 Morphs into E-Reader berries Enigma
25%
37 Raises defense when HP is below 1/3 Ganlon
25%
41 Raises critical hit ratio when HP is below 1/3 Lansat
25%
36 Raises attack when HP is below 1/3 Liechi
25%
28 Plant in the earth to grow berries for Pokéblocks Magost
25%
39 Raises special attack when HP is below 1/3 Petaya
25%
29 Plant in the earth to grow berries for Pokéblocks Rabuta
25%
38 Raises speed when HP is below 1/3 Salac
25%
42 Raises any stat when HP is below 1/3 Starf
25%
No matching quizzes found
Score Distribution
Percent of People with Each Score
Percentile by Number Answered
Your Score History
You have not taken this quiz